It looks like you're offline.
Open Library logo
additional options menu

MARC record from Internet Archive

LEADER: 02094cam 2200601Ia 4500
001 ocm44267341
003 OCoLC
005 20210716043108.0
008 000608s2000 enka 001 0 eng d
040 $aJIU$beng$cJIU$dVHB$dVPL$dBTCTA$dNZTOP$dYDXCP$dAU@$dUKM$dHALAN$dOCLCF$dOCLCO$dOCLCQ$dOCLCA$dUKMGB
015 $aGBA0X9206$2bnb
016 7 $a010728126$2Uk
019 $a44059292$a222704460
020 $a0789455358
020 $a9780789455352
020 $a0751309974
020 $a9780751309973
035 $a(OCoLC)44267341$z(OCoLC)44059292$z(OCoLC)222704460
050 14 $aZ52.5.M52$bE84 2000
082 04 $a652.5/5369$221
100 1 $aEtherington, Sue.
245 10 $aWord processing :$btables, charts, & graphs /$cSue Etherington.
246 30 $aTables, charts and graphs
250 $a1st American ed.
260 $aLondon ;$aNew York :$bDorling Kindersley,$c2000.
300 $a72 pages :$bcolor illustrations ;$c18 cm.
336 $atext$btxt$2rdacontent
337 $aunmediated$bn$2rdamedia
338 $avolume$bnc$2rdacarrier
490 1 $aEssential computers
500 $aIncludes index.
505 00 $tMicrosoft Word$g6 --$tCreating A Table$g12 --$tDesigning The Table$g20 --$tFormatting The Table$g28 --$tCharts And Graphs$g34 --$tEditing The Chart$g54 --$tFormatting Charts$g62.
630 00 $aMicrosoft Word.
630 07 $aMicrosoft Word.$2fast$0(OCoLC)fst01368050
650 0 $aWord processing.
650 7 $aWord processing.$2fast$0(OCoLC)fst01180127
830 0 $aEssential computers.
938 $aBaker and Taylor$bBTCP$n00698300
938 $aYBP Library Services$bYANK$n1636455
029 1 $aAU@$b000021516255
029 1 $aAU@$b000021625093
029 1 $aAU@$b000021776545
029 1 $aAU@$b000022726323
029 1 $aAU@$b000022971093
029 1 $aCBK$b089452763
029 1 $aNZ1$b5696840
029 1 $aNZ1$b6490719
029 1 $aUKDON$b0751309974
029 1 $aUKMDD$b0751309974
029 1 $aUNITY$b089452763
029 1 $aUKMGB$b010728126
994 $aZ0$bP4A
948 $hNO HOLDINGS IN P4A - 188 OTHER HOLDINGS